书目信息 |
| 题名: |
保卫哲学
|
|
| 作者: | 康福斯 著 | |
| 分册: | ||
| 出版信息: | 北京 三联书店 1956 |
|
| 页数: | 288页 | |
| 开本: | 21cm | |
| 丛书名: | ||
| 单 册: | ||
| 中图分类: | B0 | |
| 科图分类: | ||
| 主题词: | 哲学理论 | |
| 电子资源: | ||
| ISBN: | ||
| 000 | 00568nam0 2200193 450 | |
| 001 | 0660181374 | |
| 005 | 20060728164425.21 | |
| 010 | @dCNY1.20 | |
| 100 | @a20060728d1956 km y0chiy0120 ea | |
| 101 | 0 | @achi |
| 200 | 1 | @a保卫哲学@e反对实证主义和实用主义@Abao wei zhe xue@f康福斯著@Fkang fu si zhu |
| 210 | @a北京@c三联书店@d1956 | |
| 215 | @a288页@d21cm | |
| 517 | 1 | @a反对实证主义和实用主义@Afan dui shi zheng zhu yi he shi yong zhu yi |
| 606 | 0 | @a哲学理论 |
| 690 | @aB0@v3 | |
| 701 | 0 | @a康福斯@Akang fu si@4著 |
| 801 | 0 | @aCN@bPFT@c20060728 |
| 905 | @a10447@dB0@e180 | |
| 保卫哲学:反对实证主义和实用主义/康福斯著.-北京:三联书店,1956 |
| 288页;21cm |
| ISBN :CNY1.20 |
| ● |
| 相关链接 |
|
|
|
|
正题名:保卫哲学
索取号:B0/180
 
预约/预借
| 序号 | 登录号 | 条形码 | 馆藏地/架位号 | 状态 | 备注 |
| 1 | 0440547 | 204405474 | 密集书库/ [索取号:B0/180] | 在馆 |